| 000 | 00715nam a2200193 a 4500 | ||
|---|---|---|---|
| 005 | 20210223125954.0 | ||
| 008 | 060627s2003 mx r 000 0 spa d | ||
| 020 | _a950518901X | ||
| 035 | _aUPN01000145511 | ||
| 049 | _aC | ||
| 050 | 4 |
_aBF311 _bD5.2 |
|
| 245 | 0 | 0 |
_aDiccionario de ciencias cognitivas : _bneurociencia, psicología, inteligencia artificial, lingüística y filosofía / _cOlivier Houdé ... [et al.] ; tr. Carlo Rodolfo Molinari Marotto. |
| 260 |
_aBuenos Aires : _bAmorrortu, _c2003. |
||
| 300 | _a497 p. | ||
| 534 |
_pTraducción de: _tVocabulaire de sciences cognitives |
||
| 650 | 4 |
_aCIENCIA COGNOSCITIVA - _vDICCIONARIOS _95526 |
|
| 700 | 1 |
_aHoudé, Olivier, _ecoaut. _933985 |
|
| 905 | _aLibro | ||
| 999 |
_c117657 _d117657 |
||